| 000 | 00391nam a2200145Ia 4500 | ||
|---|---|---|---|
| 999 |
_c14306 _d14306 |
||
| 003 | OSt | ||
| 005 | 20260326191738.0 | ||
| 008 | 260210s9999 xx 000 0 und d | ||
| 020 | _a9780727761972 | ||
| 082 | _a692.5 GEM | ||
| 100 | _a Ali D Haidar | ||
| 245 | 0 | _aDelay And Disruption Claims In Construction: A Practical Approach, 3Rd Ed. | |
| 260 |
_bICE Publishing _c2017 |
||
| 942 |
_cUG _2ddc |
||